MARC

LEADER 00000nam0a2200000 4500
001 259815
005 20231101233424.0
010 |a 5282006146 
035 |a (RuTPU)RU\TPU\book\282761 
090 |a 259815 
100 |a 20140512d1988 k y0rusy50 ca 
101 0 |a rus 
102 |a RU 
105 |a y z 001zy 
200 1 |a Управленческое консультирование: теория и практика  |f Р. К. Юксвярав, М. Я. Хабакук, Я. А. Лейманн 
210 |a Москва  |c Экономика  |d 1988 
215 |a 240 с. 
320 |a Библиогр.: с. 234. 
320 |a Предметный указатель: с. 235-237. 
606 1 |a Управленческая деятельность  |2 stltpush  |3 (RuTPU)RU\TPU\subj\67418  |9 83231 
610 1 |a консультирование 
610 1 |a теория 
610 1 |a практика 
610 1 |a организация процесса 
610 1 |a решения 
610 1 |a внедрение 
610 1 |a организация труда 
686 |a У9(2)212  |v LBC/SL-A  |2 rubbk 
700 1 |a Юксвярав  |b Р. К. 
701 1 |a Хабакук  |b М. Я. 
701 1 |a Лейманн  |b Я. А. 
801 1 |a RU  |b 63413507  |c 20140512 
801 2 |a RU  |b 63413507  |c 20160407  |g RCR 
942 |c BK